The Dragon Prince Character Quiz - Statistics

General Stats
  • This quiz has been taken 910 times
    783 since last reset
  • The average score is 25 of 46
Answer Stats
Hint Answer % Correct
He is the step-prince of Katolis Prince Callum
98%
She is an assassin, but has never taken a life before Rayla
97%
He has a pet glowtoad and loves jelly tarts Prince Ezran
95%
Lord Viren's daughter Claudia
89%
Lord Viren's son Soren
89%
Callum and Ezran's maternal aunt, who is deaf General Amaya
88%
Ezran's father King Harrow
88%
King Harrow's 'trusted' advisor, who practices in dark magic Lord Viren
88%
Head of the moonshadow elf assassins Runaan
85%
The dragon prince Azymondias
79%
Mystical elf that's imprisoned in a mirror Aaravos
73%
The jelly tart loving glowtoad, and companion to Ezran Bait
72%
Callum and Ezran's mother Queen Sarai
69%
Princess, and golden knight of Lux Aurea Janai
68%
Runaan's husband. Nicknamed 'The Tinker' by the fanbase Ethari
67%
Young queen of Duren Queen Aanya
66%
General Amaya's ASL interpreter, and good friend Commander Gren
64%
Guardian of the moon nexus, she is moon mage Lujanne
61%
She is a skywing elf, and bounty hunter Nyx
61%
She helped guide Callum, Ezran and Rayla up the cursed caldera Ellis
59%
Blind, angry sun dragon Sol Regem
56%
Queen of the sunfire elves Queen Khessa
53%
Ellis' wolf companion, who she rescued Ava
52%
Skilled tracker and good friend of General Amaya Corvus
52%
Lujanne's moon phoenix Phoe-Phoe
51%
Zym's mother Zubeia
51%
Blind pirate who suffers from narcolepsy Captain Vilads
47%
He is a skywing elf mage Ibis
45%
Zym's father Avizandum
44%
He is the soldier Rayla spares at the beginning of the show Marcos
44%
The Crow Lord's assistant who has recently been promoted Crow Master
42%
High Cleric of Katolis who loves to yell at Viren Opeli
41%
Obnoxious prince of Neolandia Prince Kasef
41%
Rayla's father Lain
40%
Rayla's mother Tiadrin
37%
Janai and Queen Khessa's grandmother Queen Adhiti
32%
The sunfire elf ASL and linguistics interpreter Kazi
31%
The Katolis baker Barius
28%
Captain Vilads' parrot Berto
26%
The Dragon rescued by Callum, Rayla and Ezran after being shot out of the sky Pyrrah
24%
King of Neolandia King Ahling
20%
King of Del Bar King Florian
20%
Queen Aanya's mother #1 Queen Annika
19%
Queen Aanya's mother #2 Queen Neha
19%
Queen of Evenere Queen Fareeda
18%
She is the sunfire elf that helps Marcos up at the end of the final battle Sabah
13%
No matching quizzes found
Score Distribution
Percent of People with Each Score
Percentile by Number Answered
Your Score History
You have not taken this quiz since the last reset